Ocean Liners in pictures - Statistics

General Stats
  • This quiz has been taken 105 times
  • The average score is 11 of 16
Answer Stats
Picture Answer % Correct
RMS Titanic
100%
RMS Queen Mary
93%
RMS Queen Elizabeth II
92%
RMS Queen Elizabeth
89%
RMS Queen Mary II
89%
RMS Lusitania
87%
SS United States
86%
Normandie
77%
SS America
77%
Andrea Doria
70%
France
69%
RMS Mauretania
63%
Rex
61%
Bremen
46%
Nieuw Amsterdam
11%
SS Sirius
7%
No matching quizzes found
Score Distribution
Percent of People with Each Score
Percentile by Number Answered
Your Score History
You have not taken this quiz